000 00315nam a2200133Ia 4500
008 240624s9999 xx 000 0 und d
041 _aeng
082 _a004.6 HIN
100 _aHINE CHRISTINE
245 _aVIRTUAL ETHNOGRAPHY
260 _c2000
_aLondon
_bSage Publications
300 _a192 : p.
365 _c
_b30
999 _c20984
_d20984